00634nam a2200133 a 4500008004100000050002400041100002900065245012100094260003600215350000900251995009400260999001700354952012900371080904s2006 ||||||||||||||||| || u aTHESIS/POSTGRADUATE aSiwale, Juliana, Nangogo14aThe role of Loan Officers and Clients in the diffusion of microfinance: A study of Pride Zambia and CetZam in Zambia aDurhambDurham Universityc2006 a0.00 D0.00FCBU-MAIN LIBRARY (Kitwe)H1I0.00M1UAVAILABLEWSep 4, 2008ZUniversity Collection c56681d56681 00102lcc4070a001b001cUniversity Collectiond2022-11-30l0oTHESIS/POSTGRADUATEpZ03002616r2022-11-30w2022-11-30y002